000 00392nam a2200145Ia 4500
008 210716s2005 xx 000 0 und d
020 _a817764789X
041 _aeng
082 _a658.321 KOLM
100 _aKolay, Mohit Kumar.
245 _aAccounting applied to human resource management.
250 _a1
260 _aNew Delhi
_bAllied Publishers Pvt Ltd
_c2005
300 _axxxviii,260
999 _c201925
_d201925